000
00187nam a2200073Ia 4500
008
170524s9999 xx 000 0 und d
100
_a
HONDA- RP
245
0
_a
STATISTICS FOR BUSINESS & ECONOMICS
260
_b
DELHI : ANMOL
999
_c
8407
_d
8407